000 00419nam a2200181Ia 4500
005 20240913130154.0
008 240913s9999||||xx |||||||||||||| ||und||
041 _aENGLISH
082 _A621.4022 M5
100 _aOzisik, Necati M
245 0 _aHeat Transfer
250 _a1st
260 _c1985
_bMGH.New Delhi
500 _aREFERENCE
650 _aHeat Transfer
_bMechanical
942 _cREF
999 _c247130
_d247130